[Event "Kimry Spring op"]
[Site "Kimry"]
[Date "2015.04.19"]
[Round "5"]
[White "Doronine, Vladimir"]
[Black "Makhnev, Yuri"]
[Result "1-0"]
[WhiteElo "1761"]
[BlackElo "1907"]
[PlyCount "143"]
[EventDate "2015.04.17"]
[EventType "swiss"]
[EventRounds "7"]
[EventCountry "RUS"]
[SourceTitle "CBM 166 Extra"]
[Source "ChessBase"]
[SourceDate "2015.06.18"]
[SourceVersion "1"]
[SourceVersionDate "2015.06.18"]
[SourceQuality "1"]

1. d4 e6 2. Nf3 b6 3. g3 Bb7 4. Bg2 f5 5. 0-0 Nf6 6. Bg5 h6 7. Bxf6 Qxf6 8. e3 Nc6 9. Ne5 0-0-0 10. Nxc6 Bxc6 11. Bxc6 dxc6 12. c4 c5 13. Qa4 Kb7 14. Nc3 g5 15. d5 e5 16. Rfd1 h5 17. Qc6+ Qxc6 18. dxc6+ Kc8 19. Rxd8+ Kxd8 20. Rd1+ Kc8 21. Rd7 Bd6 22. Rf7 f4 23. Ne4 a5 24. Nxg5 fxe3 25. fxe3 h4 26. Kg2 hxg3 27. hxg3 Kd8 28. Rd7+ Ke8 29. Nf7 Rf8 30. Nxd6+ cxd6 31. Rxd6 Ke7 32. Rd7+ Ke6 33. Rb7 e4 34. Rxb6 Kd6 35. g4 Rf3 36. g5 Rxe3 37. g6 Re2+ 38. Kf1 Re3 39. Kf2 Rf3+ 40. Kg2 Rf5 41. Kg3 e3 42. g7 e2 43. c7+ Kxc7 44. Re6 e1Q+ 45. Rxe1 Rg5+ 46. Kf3 Rxg7 47. Ke3 Rg2 48. Re2 Rg3+ 49. Kd2 Rg6 50. b3 a4 51. Kc2 axb3+ 52. axb3 Kb6 53. Kb2 Rh6 54. Re8 Rh7 55. Re6+ Kb7 56. Ka3 Rh3 57. Ka4 Rg3 58. Kb5 Rxb3+ 59. Kxc5 Rc3 60. Re7+ Kc8 61. Kb4 Rc1 62. c5 Rb1+ 63. Kc4 Rc1+ 64. Kb5 Rb1+ 65. Kc6 Kd8 66. Rb7 Rc1 67. Rb8+ Ke7 68. Kb6 Rb1+ 69. Kc7 Rc1 70. c6 Ra1 71. Kc8 Ra7 72. Rb7+ 1-0

[Event "Kimry-ch"]
[Site "Kimry"]
[Date "2015.01.03"]
[Round "3"]
[White "Shatunov, Leonid"]
[Black "Doronine, Vladimir"]
[Result "0-1"]
[WhiteElo "1378"]
[BlackElo "1760"]
[PlyCount "82"]
[EventDate "2015.01.02"]
[EventType "swiss"]
[EventRounds "9"]
[EventCountry "RUS"]
[SourceTitle "CBM 164 Extra"]
[Source "ChessBase"]
[SourceDate "2015.03.02"]
[SourceVersion "1"]
[SourceVersionDate "2015.03.02"]
[SourceQuality "1"]

1. e4 d6 2. d4 Nf6 3. Nc3 g6 4. Be3 Bg7 5. Bc4 a6 6. h3 b5 7. Bd3 Bb7 8. f3 Nbd7 9. Qd2 c5 10. d5 Rc8 11. h4 h5 12. Nh3 c4 13. Be2 Nc5 14. Nf4 b4 15. Nd1 c3 16. bxc3 Ncxe4 17. fxe4 Nxe4 18. Qd3 Nxc3 19. 0-0 Nxe2+ 20. Qxe2 Bxa1 21. Qf2 Bf6 22. Bd4 0-0 23. Bxf6 exf6 24. Qg3 Kh7 25. Ne3 Re8 26. Qf3 Rc3 27. Re1 Qb6 28. Kf2 Rxc2+ 29. Kg3 Rc3 30. Kf2 Bc8 31. Qg3 a5 32. Qf3 Bg4 33. Qg3 Re4 34. Nh3 Qd4 35. Ng5+ fxg5 36. hxg5 Qd2+ 37. Kf1 Rcxe3 38. Rxe3 Rxe3 39. Qxe3 Qxe3 40. a4 b3 41. g3 Bh3# 0-1

[Event "Konakovo Chervonny op"]
[Site "Konakovo"]
[Date "2014.09.20"]
[Round "8"]
[White "Doronine, Vladimir"]
[Black "Stoletov, Gennadi"]
[Result "0-1"]
[WhiteElo "1739"]
[BlackElo "2215"]
[PlyCount "54"]
[EventDate "2014.09.17"]
[EventType "swiss"]
[EventRounds "9"]
[EventCountry "RUS"]
[SourceTitle "CBM 162 Extra"]
[Source "ChessBase"]
[SourceDate "2014.10.17"]
[SourceVersion "1"]
[SourceVersionDate "2014.10.17"]
[SourceQuality "1"]

1. d4 Nc6 2. Nf3 d5 3. g3 g6 4. Bg2 Bg7 5. Bf4 Nf6 6. Nc3 a6 7. 0-0 0-0 8. Re1 Ne4 9. a3 f6 10. Bd2 Be6 11. Qc1 Re8 12. Be3 Bf7 13. Rd1 e6 14. Nd2 Nd6 15. Nb3 Nc4 16. Nc5 b6 17. Nd3 Ne7 18. b3 Nxe3 19. fxe3 Bh6 20. Rf1 Nf5 21. Nd1 Nxd4 22. Qb2 Nf5 23. e4 Ne3 24. exd5 Nxf1 25. dxe6 Rxe6 26. Bxa8 Qxa8 27. N1f2 Ne3 0-1

[Event "Konakovo Chervonny op"]
[Site "Konakovo"]
[Date "2014.09.20"]
[Round "7"]
[White "Guseva, Antonina"]
[Black "Doronine, Vladimir"]
[Result "0-1"]
[WhiteElo "1764"]
[BlackElo "1739"]
[PlyCount "84"]
[EventDate "2014.09.17"]
[EventType "swiss"]
[EventRounds "9"]
[EventCountry "RUS"]
[SourceTitle "CBM 162 Extra"]
[Source "ChessBase"]
[SourceDate "2014.10.17"]
[SourceVersion "1"]
[SourceVersionDate "2014.10.17"]
[SourceQuality "1"]

1. e4 d6 2. d4 Nf6 3. Nc3 g6 4. Nf3 Bg7 5. Be2 0-0 6. Be3 Nbd7 7. 0-0 c5 8. d5 Nb6 9. Nd2 a6 10. f4 e6 11. dxe6 fxe6 12. Nc4 Nxc4 13. Bxc4 b5 14. e5 bxc4 15. exf6 Bxf6 16. Qe2 Qb6 17. Qxc4 Qxb2 18. Nd5 Qb7 19. Nxf6+ Rxf6 20. Rfd1 Qc6 21. Qc3 Bb7 22. Rd2 Raf8 23. Rb1 Rf5 24. Rxb7 Qxb7 25. Rxd6 Qb1+ 26. Kf2 Qxa2 27. Rd7 e5 28. g4 Rxf4+ 29. Bxf4 Rxf4+ 30. Kg3 Qe6 31. Rd8+ Kg7 32. h3 Qf6 33. Qd2 Rd4 34. Rxd4 exd4 35. Qe2 g5 36. Kg2 Qc6+ 37. Kg1 Qd6 38. Qf3 c4 39. Qb7+ Kh8 40. Qf3 d3 41. cxd3 cxd3 42. Kf2 Qf4 0-1

[Event "Kimry op 70th"]
[Site "Kimry"]
[Date "2014.08.30"]
[Round "6"]
[White "Bertov, Alexandr"]
[Black "Doronine, Vladimir"]
[Result "1-0"]
[WhiteElo "2023"]
[BlackElo "1754"]
[PlyCount "103"]
[EventDate "2014.08.28"]
[EventType "swiss"]
[EventRounds "7"]
[EventCountry "RUS"]
[SourceTitle "EXT 2015"]
[Source "ChessBase"]
[SourceDate "2014.11.20"]
[SourceVersion "1"]
[SourceVersionDate "2014.11.20"]
[SourceQuality "1"]

1. c4 Nf6 2. Nc3 g6 3. e4 d6 4. g3 Bg7 5. Bg2 Nc6 6. Nge2 Be6 7. d3 0-0 8. 0-0 Qc8 9. Rb1 Bh3 10. Nf4 Bxg2 11. Kxg2 e5 12. Nfe2 a6 13. h3 Nd7 14. Be3 Ne7 15. Nd5 Nxd5 16. cxd5 f5 17. Qd2 Nf6 18. f3 Rf7 19. Bg5 Nd7 20. b4 Qf8 21. g4 h6 22. Be3 f4 23. Bf2 Qe7 24. Rbc1 Rc8 25. Rc2 Bf6 26. Nc1 Bh4 27. Nb3 Bxf2 28. Qxf2 h5 29. Na5 hxg4 30. hxg4 b6 31. Nb3 Qg5 32. Rh1 Nf6 33. Qh4 Qxh4 34. Rxh4 Kg7 35. a3 Rh8 36. Rxh8 Kxh8 37. a4 Nh7 38. Rc1 Ng5 39. Rh1+ Rh7 40. Rxh7+ Kxh7 41. a5 b5 42. Nc1 Kg7 43. Ne2 Kf6 44. Nc3 Nf7 45. Nxb5 c6 46. dxc6 Ke7 47. Nc7 Nd8 48. Nd5+ Ke8 49. c7 Kd7 50. cxd8Q+ Kxd8 51. g5 Kd7 52. Kf2 1-0

[Event "Kimry Rating op 68th"]
[Site "Kimry"]
[Date "2014.01.03"]
[Round "2"]
[White "Doronine, Vladimir"]
[Black "Malkov, Gleb"]
[Result "0-1"]
[WhiteElo "1752"]
[BlackElo "1564"]
[PlyCount "66"]
[EventDate "2014.01.02"]
[EventType "swiss"]
[EventRounds "9"]
[EventCountry "RUS"]
[SourceTitle "CBM 158 Extra"]
[Source "ChessBase"]
[SourceDate "2014.02.28"]
[SourceVersion "1"]
[SourceVersionDate "2014.02.28"]
[SourceQuality "1"]

1. d4 Nf6 2. Nf3 g6 3. c4 Bg7 4. Nc3 0-0 5. e4 d6 6. g3 c5 7. d5 Nbd7 8. Bg2 Nb6 9. Qd3 e6 10. Rb1 exd5 11. cxd5 Re8 12. 0-0 c4 13. Qd1 Nxe4 14. Nxe4 Rxe4 15. Ng5 Rd4 16. Qf3 Bf5 17. Be3 Rg4 18. h4 h6 19. Bh3 Rxg5 20. Bxg5 hxg5 21. Bxf5 gxf5 22. Qxf5 gxh4 23. Kg2 h3+ 24. Kxh3 Qc8 25. Qxc8+ Rxc8 26. Rfd1 Rc5 27. b4 Rxd5 28. Rxd5 Nxd5 29. Kg4 c3 30. a3 Nb6 31. Kf3 Nc4 32. Re1 c2 33. Re8+ Kh7 0-1

[Event "Kimry Autumn op"]
[Site "Kimry"]
[Date "2013.08.28"]
[Round "2"]
[White "Popelyshev, Igor Viktorovich"]
[Black "Doronine, Vladimir"]
[Result "1-0"]
[WhiteElo "2108"]
[BlackElo "1757"]
[PlyCount "63"]
[EventDate "2013.08.28"]
[EventType "swiss"]
[EventRounds "7"]
[EventCountry "RUS"]
[SourceTitle "CBM 156 Extra"]
[Source "ChessBase"]
[SourceDate "2013.10.22"]
[SourceVersion "1"]
[SourceVersionDate "2013.10.22"]
[SourceQuality "1"]

1. e4 d6 2. d4 Nf6 3. Nc3 g6 4. Be2 Bg7 5. Be3 b6 6. h4 h5 7. f3 c5 8. Qd2 cxd4 9. Bxd4 Nc6 10. Bb5 Bd7 11. Bxc6 Bxc6 12. Nh3 Rc8 13. Nf4 e5 14. Be3 exf4 15. Bxf4 d5 16. e5 Nd7 17. 0-0-0 Nxe5 18. Bxe5 Bxe5 19. Rhe1 f6 20. f4 0-0 21. fxe5 fxe5 22. Rxe5 Qxh4 23. Nxd5 Rf7 24. Qd3 Kg7 25. g3 Qg4 26. Ne3 Qh3 27. g4 Rd7 28. Nf5+ Kf6 29. Qxh3 Rxd1+ 30. Kxd1 Rd8+ 31. Kc1 Kxe5 32. Qc3+ 1-0

[Event "Kimry op 08"]
[Site "Kimry"]
[Date "2012.08.30"]
[Round "6"]
[White "Doronine, Vladimir"]
[Black "Protasov, Sergey"]
[Result "1-0"]
[WhiteElo "1824"]
[BlackElo "1578"]
[PlyCount "95"]
[EventDate "2012.08.28"]
[EventType "swiss"]
[EventRounds "7"]
[EventCountry "RUS"]
[SourceTitle "CBM 150 Extra"]
[Source "ChessBase"]
[SourceDate "2012.10.19"]
[SourceVersion "1"]
[SourceVersionDate "2012.10.19"]
[SourceQuality "1"]

1. d4 d5 2. Nf3 Nf6 3. g3 e6 4. Bg2 Be7 5. 0-0 0-0 6. b3 Nbd7 7. c4 b6 8. Re1 Bb7 9. Nc3 c5 10. e3 Qc7 11. Ba3 a6 12. dxc5 Nxc5 13. cxd5 Nxd5 14. Nxd5 Bxd5 15. Rc1 Qb7 16. Bb2 Rfd8 17. Qe2 Be4 18. Red1 Nd3 19. Rc2 Nxf2 20. Rxd8+ Rxd8 21. Kxf2 Bxc2 22. Qxc2 Rc8 23. Qd3 Qc7 24. Ne1 Rd8 25. Qc3 Qxc3 26. Bxc3 Rd1 27. Ke2 Rd7 28. Nd3 f6 29. Nb4 Rc7 30. Kd3 Bxb4 31. Bxb4 Rc1 32. Bc3 Kf7 33. a4 Rg1 34. Bb7 b5 35. a5 Ke7 36. Bxa6 Kd7 37. Bxb5+ Kc7 38. b4 Rg2 39. Bc4 Rxh2 40. Bxe6 Rg2 41. b5 f5 42. Be5+ Kb7 43. Bd5+ Ka7 44. Bxg2 g5 45. b6+ Ka6 46. b7 f4 47. b8Q fxe3 48. Qb6# 1-0

[Event "Kimry op 08"]
[Site "Kimry"]
[Date "2012.08.30"]
[Round "5"]
[White "Voropaev, Pavel"]
[Black "Doronine, Vladimir"]
[Result "0-1"]
[WhiteElo "1316"]
[BlackElo "1824"]
[PlyCount "56"]
[EventDate "2012.08.28"]
[EventType "swiss"]
[EventRounds "7"]
[EventCountry "RUS"]
[SourceTitle "CBM 150 Extra"]
[Source "ChessBase"]
[SourceDate "2012.10.19"]
[SourceVersion "1"]
[SourceVersionDate "2012.10.19"]
[SourceQuality "1"]

1. e4 g6 2. Nc3 e5 3. Nf3 Bg7 4. Bc4 Nf6 5. d3 0-0 6. 0-0 d6 7. h3 Nc6 8. Be3 Na5 9. Bb3 Nxb3 10. axb3 a6 11. d4 exd4 12. Qxd4 Bd7 13. Na4 Bc6 14. Nc3 Nxe4 15. Qd3 Re8 16. Bd4 Nf6 17. Rfe1 Qd7 18. Rxe8+ Rxe8 19. Re1 Rxe1+ 20. Nxe1 Qe6 21. Qc4 Qxe1+ 22. Qf1 Qd2 23. Qd3 Qg5 24. Qg3 Qc1+ 25. Kh2 Qf1 26. Be3 Nh5 27. Qg4 Be5+ 28. g3 Qh1# 0-1

[Event "Kimry op 08"]
[Site "Kimry"]
[Date "2012.08.28"]
[Round "2"]
[White "Doronine, Vladimir"]
[Black "Struzhkin, Denis"]
[Result "0-1"]
[WhiteElo "1824"]
[BlackElo "2056"]
[PlyCount "112"]
[EventDate "2012.08.28"]
[EventType "swiss"]
[EventRounds "7"]
[EventCountry "RUS"]
[SourceTitle "CBM 150 Extra"]
[Source "ChessBase"]
[SourceDate "2012.10.19"]
[SourceVersion "1"]
[SourceVersionDate "2012.10.19"]
[SourceQuality "1"]

1. d4 Nf6 2. Nf3 g6 3. g3 Bg7 4. Bg2 0-0 5. Nc3 d6 6. Bf4 Nbd7 7. h4 h5 8. Qd2 c6 9. Bh6 b5 10. Bxg7 Kxg7 11. Ng5 Qb6 12. 0-0 Rb8 13. f4 b4 14. Na4 Qb5 15. b3 e6 16. Rac1 d5 17. c4 bxc3 18. Rxc3 Bb7 19. Rfc1 Qb4 20. Nb2 Rfc8 21. e3 Rc7 22. Nd3 Qb6 23. a3 a5 24. Qc2 Rbc8 25. Nf3 Ne4 26. Nc5 Nxc3 27. Nxd7 Rxd7 28. Qxc3 f6 29. Ne1 Ba6 30. Bf3 Rb7 31. Bd1 Qb5 32. Ng2 Rbc7 33. b4 axb4 34. axb4 Rb8 35. Rb1 Qf1+ 36. Kh2 Qd3 37. Qxd3 Bxd3 38. Rb2 Rcb7 39. Ne1 Be4 40. Nc2 Kf7 41. g4 hxg4 42. Bxg4 f5 43. Be2 Bxc2 44. Rxc2 Rxb4 45. Kg3 Rb2 46. Rxb2 Rxb2 47. Bf3 Rc2 48. h5 gxh5 49. Bxh5+ Ke7 50. Bd1 Rd2 51. Bf3 Kd6 52. Bh5 c5 53. dxc5+ Kxc5 54. Bf7 Kd6 55. Kf3 Ke7 56. Bg6 Rh2 0-1

[Event "Kimry Winter op"]
[Site "Kimry"]
[Date "2012.01.28"]
[Round "4"]
[White "Dementieva, Julia"]
[Black "Doronine, Vladimir"]
[Result "1/2-1/2"]
[WhiteElo "1665"]
[BlackElo "1818"]
[PlyCount "145"]
[EventDate "2012.01.27"]
[EventType "swiss"]
[EventRounds "8"]
[EventCountry "RUS"]
[SourceTitle "CBM 146 Extra"]
[Source "ChessBase"]
[SourceDate "2012.02.29"]
[SourceVersion "1"]
[SourceVersionDate "2012.02.29"]
[SourceQuality "1"]

1. e4 d6 2. d4 Nf6 3. Nc3 g6 4. Be3 Bg7 5. f3 0-0 6. g4 b6 7. Qd2 a5 8. 0-0-0 c6 9. h4 h5 10. gxh5 Nxh5 11. Nge2 a4 12. Rg1 Kh7 13. Ng3 Nxg3 14. Rxg3 Nd7 15. h5 gxh5 16. Rxg7+ Kxg7 17. Bh6+ Kh8 18. Bxf8 Qxf8 19. Qg5 Nf6 20. e5 dxe5 21. dxe5 Ng8 22. Kb1 Qh6 23. Qg2 Bf5 24. Be2 Qg6 25. Qxg6 Bxg6 26. f4 Kg7 27. Bf3 Rc8 28. Nxa4 b5 29. Nb6 Rb8 30. Nd7 Rd8 31. Bxc6 Rc8 32. f5 Bxf5 33. Rg1+ Bg6 34. Bxb5 Rxc2 35. Ka1 e6 36. a4 Ne7 37. a5 Nc6 38. a6 Na7 39. Bd3 Rd2 40. Nc5 Kh6 41. Bxg6 fxg6 42. Nxe6 Rd5 43. Nf4 Ra5+ 44. Kb1 Rxa6 45. e6 Nc8 46. Rxg6+ Kh7 47. Rg5 Ne7 48. Rxh5+ Kg7 49. Re5 Kf6 50. Re3 Kf5 51. Nd5 Nxd5 52. e7 Nxe7 53. Rxe7 Kf6 54. Rc7 Rb6 55. Kc2 Ke6 56. Kc3 Kd6 57. Rc4 Rb5 58. b4 Kd5 59. Kb3 Rb8 60. Rc5+ Kd6 61. Ka4 Ra8+ 62. Ra5 Rc8 63. Kb5 Rb8+ 64. Ka4 Rb6 65. Rc5 Rb7 66. Ka5 Rb8 67. Rc4 Kd5 68. Rg4 Kc6 69. Rg6+ Kc7 70. b5 Ra8+ 71. Ra6 Rb8 72. b6+ Kc6 73. Ra7 1/2-1/2

[Event "Kimry Winter op"]
[Site "Kimry"]
[Date "2012.01.27"]
[Round "2"]
[White "Vetokhin, Ilia"]
[Black "Doronine, Vladimir"]
[Result "0-1"]
[WhiteElo "1588"]
[BlackElo "1818"]
[PlyCount "62"]
[EventDate "2012.01.27"]
[EventType "swiss"]
[EventRounds "8"]
[EventCountry "RUS"]
[SourceTitle "CBM 146 Extra"]
[Source "ChessBase"]
[SourceDate "2012.02.29"]
[SourceVersion "1"]
[SourceVersionDate "2012.02.29"]
[SourceQuality "1"]

1. e4 d6 2. d4 Nf6 3. Nc3 g6 4. Nf3 Bg7 5. Be3 b6 6. Bd3 c5 7. dxc5 bxc5 8. 0-0 0-0 9. Nd5 Nxd5 10. exd5 Bxb2 11. Rb1 Bg7 12. Ng5 Nd7 13. Qf3 Ne5 14. Qe2 Qc7 15. c4 Nxd3 16. Qxd3 Bf5 17. Ne4 Rfb8 18. Rxb8+ Rxb8 19. f3 Rb2 20. Rf2 Qb6 21. Rxb2 Qxb2 22. Qb3 Qe2 23. h3 Be5 24. Bf2 Bxe4 25. fxe4 Qxe4 26. Bg3 Bd4+ 27. Bf2 Qe1+ 28. Kh2 Bxf2 29. Qb8+ Kg7 30. Qb2+ f6 31. Qxf2 Qxf2 0-1

[Event "Kimry-ch 60th"]
[Site "Kimry"]
[Date "2012.01.04"]
[Round "4"]
[White "Doronine, Vladimir"]
[Black "Presnyakov, Semen"]
[Result "1-0"]
[WhiteElo "1818"]
[BlackElo "1981"]
[PlyCount "79"]
[EventDate "2012.01.02"]
[EventType "swiss"]
[EventRounds "9"]
[EventCountry "RUS"]
[SourceTitle "CBM 146 Extra"]
[Source "ChessBase"]
[SourceDate "2012.02.29"]
[SourceVersion "1"]
[SourceVersionDate "2012.02.29"]
[SourceQuality "1"]

1. d4 Nf6 2. Nf3 g6 3. g3 Bg7 4. c4 c6 5. Bg2 0-0 6. Bf4 d5 7. c5 Nbd7 8. 0-0 Re8 9. Nc3 Nh5 10. e3 e5 11. Nxe5 Nxe5 12. dxe5 Bxe5 13. Bxe5 Rxe5 14. Ne4 Qe7 15. Nd6 Ng7 16. b4 Nf5 17. Nxc8 Rxc8 18. Qc2 h5 19. Bh3 Rd8 20. Rfe1 Nh6 21. Rad1 Ng4 22. Bxg4 hxg4 23. Qd3 Kg7 24. Kg2 Rh8 25. Qd4 Qg5 26. e4 Qf6 27. exd5 Rxd5 28. Qxf6+ Kxf6 29. Rxd5 cxd5 30. Rd1 Ke5 31. a4 Rd8 32. f4+ gxf3+ 33. Kxf3 d4 34. Ke2 Kd5 35. Rc1 Re8+ 36. Kd2 Re3 37. b5 Ra3 38. c6 bxc6 39. bxc6 Ke4 40. c7 1-0

[Event "Kimry-ch 60th"]
[Site "Kimry"]
[Date "2012.01.03"]
[Round "3"]
[White "Markevich, Arseniy"]
[Black "Doronine, Vladimir"]
[Result "1/2-1/2"]
[WhiteElo "2037"]
[BlackElo "1818"]
[PlyCount "60"]
[EventDate "2012.01.02"]
[EventType "swiss"]
[EventRounds "9"]
[EventCountry "RUS"]
[SourceTitle "CBM 146 Extra"]
[Source "ChessBase"]
[SourceDate "2012.02.29"]
[SourceVersion "1"]
[SourceVersionDate "2012.02.29"]
[SourceQuality "1"]

1. d4 Nf6 2. Bg5 g6 3. Nc3 Bg7 4. Qd2 h5 5. e4 d6 6. Bc4 a6 7. a4 0-0 8. Nge2 c5 9. dxc5 dxc5 10. Qxd8 Rxd8 11. e5 Ng4 12. Bxe7 Re8 13. Bxc5 Nxe5 14. Bd5 Nbd7 15. Ne4 Nxc5 16. Nxc5 Rb8 17. 0-0 b6 18. Ne4 Be6 19. Bxe6 Rxe6 20. Rad1 Nc4 21. b3 Rxe4 22. Ng3 Rd4 23. Rxd4 Bxd4 24. bxc4 Rc8 25. Ne2 Rxc4 26. Nxd4 Rxd4 27. Ra1 Rd2 28. Rc1 Kg7 29. Kf1 b5 30. axb5 axb5 1/2-1/2